[Event "SVK-ch blitz"]
[Site "Poprad"]
[Date "2025.05.02"]
[Round "5"]
[White "Motycakova, Monika"]
[Black "Stevik, Patrik1"]
[Result "0-1"]
[WhiteElo "2023"]
[BlackElo "2253"]
[PlyCount "84"]
[EventDate "2025.05.02"]
[EventType "swiss (blitz)"]
[EventRounds "13"]
[EventCountry "SVK"]
[SourceTitle "CB19_2025"]
[SourceDate "2025.05.07"]
[SourceVersion "1"]
[SourceVersionDate "2025.05.07"]
[SourceQuality "1"]

1. e4 e5 2. Nf3 Nc6 3. Bb5 Nge7 4. d4 exd4 5. Nxd4 Nxd4 6. Qxd4 Nc6 7. Bxc6 dxc6 8. Qxd8+ Kxd8 9. Nc3 Be6 10. Bg5+ f6 11. 0-0-0+ Bd6 12. Bf4 Ke7 13. Bxd6+ cxd6 14. Rd2 b5 15. a3 a5 16. Rhd1 Rhd8 17. Ne2 Bf7 18. f3 g5 19. Nd4 Be8 20. Nf5+ Kf8 21. Rxd6 Rxd6 22. Rxd6 Kf7 23. c3 h5 24. Kd2 h4 25. g3 h3 26. Ke3 Rb8 27. Nd4 b4 28. axb4 axb4 29. Nxc6 Bxc6 30. Rxc6 bxc3 31. bxc3 Rb2 32. Rc7+ Kg6 33. f4 Rxh2 34. Kf3 Rc2 35. f5+ Kh6 36. Rc8 h2 37. Kg4 Re2 38. Rh8+ Kg7 39. Rh3 Rxe4+ 40. Kf3 g4+ 41. Kxe4 gxh3 42. Kf4 h1Q 0-1

[Event "SVK-chT1E 2425"]
[Site "Slovakia"]
[Date "2024.12.08"]
[Round "4.5"]
[White "Skovran, Jaroslav"]
[Black "Motycakova, Monika"]
[Result "1/2-1/2"]
[WhiteElo "2017"]
[BlackElo "2081"]
[PlyCount "36"]
[EventDate "2024.11.16"]
[EventType "team-tourn"]
[EventRounds "11"]
[EventCountry "SVK"]
[SourceTitle "CB51_2024"]
[SourceDate "2024.12.18"]
[SourceVersion "1"]
[SourceVersionDate "2024.12.18"]
[SourceQuality "1"]
[WhiteTeam "Stropkov/Svidnik"]
[BlackTeam "Liptov Chess School II"]
[WhiteTeamCountry "SVK"]
[BlackTeamCountry "SVK"]

1. e4 e5 2. Nf3 Nc6 3. d4 exd4 4. Nxd4 Bc5 5. c3 Qf6 6. Be3 Nge7 7. Bc4 b6 8. 0-0 Bb7 9. Nb5 0-0-0 10. Bxc5 bxc5 11. Qa4 a6 12. N5a3 Ne5 13. Nd2 d5 14. Be2 Qf4 15. Rad1 dxe4 16. Ndc4 Nd5 17. Nxe5 Qxe5 18. Bxa6 Nb6 1/2-1/2

[Event "SVK-chT2C 2425"]
[Site "Slovakia"]
[Date "2024.12.01"]
[Round "4.2"]
[White "Motycakova, Monika"]
[Black "Gyerpal, Adrian"]
[Result "1/2-1/2"]
[WhiteElo "2081"]
[BlackElo "2204"]
[PlyCount "40"]
[EventDate "2024.11.09"]
[EventType "team-tourn"]
[EventRounds "11"]
[EventCountry "SVK"]
[SourceTitle "CB51_2024"]
[SourceDate "2024.12.18"]
[SourceVersion "1"]
[SourceVersionDate "2024.12.18"]
[SourceQuality "1"]
[WhiteTeam "Liptov Chess School III"]
[BlackTeam "Cebovce II"]
[WhiteTeamCountry "SVK"]
[BlackTeamCountry "SVK"]

1. e4 e5 2. Nf3 Nc6 3. Bb5 a6 4. Ba4 b5 5. Bb3 Nf6 6. 0-0 Bb7 7. d4 exd4 8. e5 Ne4 9. Bd5 Nc5 10. Nxd4 Ne6 11. Nf5 g6 12. Ne3 d6 13. f4 dxe5 14. fxe5 Bc5 15. Kh1 Qe7 16. Bxc6+ Bxc6 17. Nd5 Qh4 18. Nf6+ Ke7 19. Nc3 Qd4 20. Ncd5+ Kd8 1/2-1/2

[Event "SVK-ch rapid"]
[Site "Modra"]
[Date "2024.10.05"]
[Round "3"]
[White "Motycakova, Monika"]
[Black "Panko, Eduard"]
[Result "0-1"]
[WhiteElo "2046"]
[BlackElo "1885"]
[PlyCount "115"]
[EventDate "2024.10.05"]
[EventType "swiss (rapid)"]
[EventRounds "9"]
[EventCountry "SVK"]
[SourceTitle "EXT 2025"]
[Source "ChessBase"]
[SourceDate "2024.10.14"]
[SourceVersion "1"]
[SourceVersionDate "2024.10.14"]
[SourceQuality "1"]
[WhiteTeam "Slovakia"]
[BlackTeam "Slovakia"]
[WhiteTeamCountry "SVK"]
[BlackTeamCountry "SVK"]

1. e4 d6 2. d4 Nf6 3. Nc3 c6 4. f4 Qa5 5. e5 Ne4 6. Qf3 d5 7. Bd3 Na6 8. Bxe4 dxe4 9. Qxe4 f5 10. Qe2 Be6 11. Nf3 Nb4 12. Ng5 Bg8 13. 0-0 0-0-0 14. Be3 h6 15. Nf3 Nd5 16. Bd2 e6 17. a3 Bf7 18. Na2 Qc7 19. c4 Nb6 20. b4 Bh5 21. Be3 Be7 22. Qc2 Kb8 23. a4 Rdg8 24. a5 Nd7 25. Qb3 Bf7 26. b5 g5 27. bxc6 Qxc6 28. Nb4 gxf4 29. Bxf4 Bxb4 30. Qxb4 Rg4 31. Be3 Rhg8 32. Ra2 Bh5 33. Rb2 Re4 34. Bxh6 Bxf3 35. Rxf3 Rxd4 36. Rg3 Rxg3 37. hxg3 Rxc4 38. Qd2 Rc5 39. Be3 Rd5 40. Qb4 Qc7 41. g4 Rd1+ 42. Kf2 Nxe5 43. Ke2 Rd8 44. Bf4 Ka8 45. g5 Qc4+ 46. Qxc4 Nxc4 47. Rb5 a6 48. Rc5 Nd6 49. Bxd6 Rxd6 50. Rc8+ Ka7 51. g6 Rd7 52. Re8 e5 53. Rxe5 Rd6 54. g7 Rg6 55. Re7 Rxg2+ 56. Kf3 Rg4 57. Rf7 Kb8 58. Rf8+ 0-1

[Event "SVK-ch rapid"]
[Site "Modra"]
[Date "2024.10.05"]
[Round "2"]
[White "Sosovickova, Jana"]
[Black "Motycakova, Monika"]
[Result "1/2-1/2"]
[WhiteElo "1889"]
[BlackElo "2046"]
[PlyCount "46"]
[EventDate "2024.10.05"]
[EventType "swiss (rapid)"]
[EventRounds "9"]
[EventCountry "SVK"]
[SourceTitle "EXT 2025"]
[Source "ChessBase"]
[SourceDate "2024.10.14"]
[SourceVersion "1"]
[SourceVersionDate "2024.10.14"]
[SourceQuality "1"]
[WhiteTeam "Slovakia"]
[BlackTeam "Slovakia"]
[WhiteTeamCountry "SVK"]
[BlackTeamCountry "SVK"]

1. e4 e5 2. Nf3 Nc6 3. Bc4 Bc5 4. c3 Nf6 5. d3 d6 6. a4 a5 7. 0-0 h6 8. Be3 Ba7 9. Bxa7 Rxa7 10. d4 0-0 11. d5 Ne7 12. Nbd2 Ng6 13. Ne1 Nf4 14. Be2 Bd7 15. Nd3 N6h5 16. Bxh5 Nxd3 17. Nc4 Nf4 18. Ne3 Qg5 19. Bg4 Bxg4 20. Qxg4 Qxg4 21. Nxg4 f5 22. exf5 Nxd5 23. Ne3 Nxe3 1/2-1/2

[Event "Swiss Queens Wed #22"]
[Site "FIDE Online Arena INT"]
[Date "2024.06.26"]
[Round "1"]
[White "Papp, Petra"]
[Black "Motycakova, Monika"]
[Result "1-0"]
[WhiteElo "2280"]
[BlackElo "2103"]
[PlyCount "53"]
[EventDate "2024.06.26"]
[EventType "swiss (blitz)"]
[EventRounds "11"]
[EventCountry "NET"]
[SourceTitle "CBM 220 Extra"]
[Source "ChessBase"]
[SourceDate "2024.07.31"]
[SourceVersion "1"]
[SourceVersionDate "2024.07.31"]
[SourceQuality "1"]

1. d4 d5 2. c4 c6 3. Nc3 Nf6 4. Nf3 e6 5. e3 Nbd7 6. Qc2 Bd6 7. Be2 0-0 8. 0-0 b6 9. b3 Bb7 10. Bb2 Qc7 11. Bd3 Rac8 12. Rad1 h6 13. Rfe1 Rfd8 14. Qe2 Qb8 15. e4 dxe4 16. Nxe4 Nxe4 17. Qxe4 Nf8 18. Qg4 Kh8 19. d5 f6 20. dxe6 Be7 21. Nh4 Qc7 22. Ng6+ Kg8 23. Qf5 c5 24. Nxf8 Kxf8 25. Qh7 Ke8 26. Bg6+ Kf8 27. Qh8# 1-0

[Event "Swiss Queens Wed #22"]
[Site "FIDE Online Arena INT"]
[Date "2024.06.26"]
[Round "11"]
[White "Yashvi, Jain"]
[Black "Motycakova, Monika"]
[Result "1/2-1/2"]
[WhiteElo "1729"]
[BlackElo "2103"]
[PlyCount "115"]
[EventDate "2024.06.26"]
[EventType "swiss (blitz)"]
[EventRounds "11"]
[EventCountry "NET"]
[SourceTitle "CBM 220 Extra"]
[Source "ChessBase"]
[SourceDate "2024.07.31"]
[SourceVersion "1"]
[SourceVersionDate "2024.07.31"]
[SourceQuality "1"]

1. d4 d5 2. Nf3 Nf6 3. Bf4 c5 4. c3 Nc6 5. e3 Bf5 6. Nbd2 e6 7. Qb3 Qb6 8. dxc5 Bxc5 9. Bb5 0-0 10. 0-0 h6 11. Nd4 Nxd4 12. cxd4 Be7 13. Rfc1 Rfc8 14. h3 Ne4 15. Nxe4 Bxe4 16. Bd7 Qxb3 17. axb3 Rxc1+ 18. Rxc1 Bd8 19. Bc8 a5 20. Bxb7 Ra7 21. Bc6 Bc7 22. Bxc7 Rxc7 23. Rc5 Kf8 24. f3 Bd3 25. Kf2 Ke7 26. Ba4 Ra7 27. Ke1 f6 28. h4 g5 29. Kd2 Bg6 30. hxg5 hxg5 31. Kc3 Bf5 32. Bc6 g4 33. b4 axb4+ 34. Kxb4 g3 35. Bb5 Ra1 36. Rc7+ Kd8 37. Rg7 Rb1 38. Kc3 Re1 39. Rxg3 Rxe3+ 40. Kb4 Bc2 41. Ba4 Bf5 42. Rg8+ Ke7 43. Re8+ Kd6 44. g4 Bd3 45. Rd8+ Ke7 46. Rd7+ Kf8 47. Rc7 Rxf3 48. Rc3 Be4 49. Kc5 Rxc3+ 50. bxc3 Bf3 51. c4 dxc4 52. Kxc4 Bxg4 53. Bc2 Ke7 54. Bd3 f5 55. Kc5 Kf6 56. d5 exd5 57. Kxd5 Kg5 58. Bxf5 1/2-1/2

[Event "SVK-ch (Women)"]
[Site "Bratislava"]
[Date "2024.06.16"]
[Round "3"]
[White "Motycakova, Monika"]
[Black "Bochnickova, Andrea"]
[Result "1/2-1/2"]
[WhiteElo "2103"]
[BlackElo "2060"]
[PlyCount "110"]
[EventDate "2024.06.14"]
[EventType "tourn"]
[EventRounds "9"]
[EventCountry "SVK"]
[SourceTitle "CBM 220 Extra"]
[Source "ChessBase"]
[SourceDate "2024.07.31"]
[SourceVersion "1"]
[SourceVersionDate "2024.07.31"]
[SourceQuality "1"]

1. e4 c5 2. Nf3 e6 3. d4 cxd4 4. Nxd4 a6 5. Nc3 Qc7 6. Be2 Nf6 7. 0-0 Bb4 8. Qd3 Nc6 9. Nxc6 bxc6 10. Be3 d5 11. f4 0-0 12. e5 Nd7 13. Na4 a5 14. c4 Ba6 15. Qc2 Be7 16. Rac1 c5 17. cxd5 exd5 18. Bxa6 Rxa6 19. Qd3 Qc6 20. Rfd1 d4 21. b3 Qb7 22. Bd2 h5 23. Rc2 h4 24. Be1 g5 25. Qf5 Rg6 26. Rd3 Qd5 27. Nb2 gxf4 28. Nc4 a4 29. Qxf4 axb3 30. axb3 Ra8 31. Qf3 Qxf3 32. Rxf3 Ra1 33. Kf2 Re6 34. Re2 Rd1 35. Bd2 Nf8 36. Re4 Ng6 37. Ke2 Rb1 38. Kf2 f6 39. Rg4 fxe5 40. Nxe5 Rxe5 41. Rxg6+ Kh7 42. Bf4 Rb2+ 43. Kf1 Re4 44. Rh6+ Kg7 45. Ra6 d3 46. Bh6+ Kg8 47. Rxd3 Rd4 48. Rxd4 cxd4 49. Ra7 Bf6 50. Rd7 Rxb3 51. Ke2 Ra3 52. h3 Rb3 53. Kf2 Be5 54. Ke2 Rg3 55. Kf2 Rb3 1/2-1/2

[Event "AUT-chT (Women) 2324"]
[Site "Austria"]
[Date "2024.04.12"]
[Round "7.2"]
[White "Motycakova, Monika"]
[Black "Frey, Alisa"]
[Result "1-0"]
[WhiteElo "2072"]
[BlackElo "2016"]
[PlyCount "85"]
[EventDate "2023.11.24"]
[EventType "team-tourn"]
[EventRounds "9"]
[EventCountry "AUT"]
[SourceTitle "CBM 219 Extra"]
[Source "ChessBase"]
[SourceDate "2024.05.31"]
[SourceVersion "1"]
[SourceVersionDate "2024.05.31"]
[SourceQuality "1"]
[WhiteTeam "Dornbirn (W)"]
[BlackTeam "Lienz (W)"]
[WhiteTeamCountry "AUT"]
[BlackTeamCountry "AUT"]

1. e4 e5 2. Nf3 Nc6 3. Bb5 a6 4. Ba4 Nf6 5. 0-0 b5 6. Bb3 Be7 7. d4 d6 8. c3 Bg4 9. Be3 0-0 10. Nbd2 Re8 11. h3 Bc8 12. Ng5 Rf8 13. f4 exd4 14. cxd4 h6 15. Ngf3 Bb7 16. Qe1 Qd7 17. d5 Nb4 18. Nd4 Nd3 19. Qg3 Nh5 20. Qf3 Nf6 21. Nf5 Kh8 22. Bd4 Nc5 23. Qg3 Rg8 24. Bc2 Rae8 25. Qh4 Nh7 26. Qxh6 Bf6 27. Bxf6 gxf6 28. Rae1 Rg6 29. Qh4 c6 30. b4 Na4 31. Ne3 Rg7 32. Nf5 Rg6 33. Ne3 Rg7 34. Nf3 Nc3 35. Nf5 Rg6 36. Re3 Nxa2 37. Qe1 Reg8 38. N3h4 cxd5 39. exd5 Bxd5 40. Nxg6+ Rxg6 41. Re8+ Rg8 42. Rxg8+ Kxg8 43. Ne7+ 1-0

[Event "AUT-chT (Women) 2324"]
[Site "Austria"]
[Date "2024.03.24"]
[Round "6.2"]
[White "Kopinits, Anna Christina"]
[Black "Motycakova, Monika"]
[Result "0-1"]
[WhiteElo "2170"]
[BlackElo "2072"]
[PlyCount "92"]
[EventDate "2023.11.24"]
[EventType "team-tourn"]
[EventRounds "9"]
[EventCountry "AUT"]
[SourceTitle "CBM 219 Extra"]
[Source "ChessBase"]
[SourceDate "2024.05.31"]
[SourceVersion "1"]
[SourceVersionDate "2024.05.31"]
[SourceQuality "1"]
[WhiteTeam "St Veit/Glan (W)"]
[BlackTeam "Dornbirn (W)"]
[WhiteTeamCountry "AUT"]
[BlackTeamCountry "AUT"]

1. Nc3 d5 2. e4 d4 3. Nce2 e5 4. Ng3 Be6 5. Nf3 Bd6 6. Bb5+ c6 7. Ba4 Nd7 8. Bb3 Nc5 9. Bxe6 Nxe6 10. d3 Ne7 11. 0-0 Qd7 12. c3 c5 13. Ng5 Nxg5 14. Bxg5 f6 15. Bd2 0-0-0 16. cxd4 cxd4 17. a4 Kb8 18. Qb3 h5 19. Ne2 g5 20. a5 h4 21. a6 b6 22. Rac1 Rhg8 23. Rc2 f5 24. exf5 Qxf5 25. Ba5 Qd7 26. Rfc1 Rc8 27. Bd2 Rxc2 28. Rxc2 Qf5 29. Ba5 Qd7 30. Kf1 Rf8 31. Bb4 Bxb4 32. Qxb4 Rf7 33. Kg1 Nd5 34. Qc4 Rf6 35. b4 Rf8 36. Qb3 Qb5 37. h3 Rd8 38. Rc4 Qxa6 39. Kh2 Qb7 40. Ng1 Nf4 41. Nf3 g4 42. Ne1 gxh3 43. gxh3 Qd7 44. Rc2 Qxh3+ 45. Kg1 Qg4+ 46. Kh1 Rg8 0-1

[Event "Swiss Queens Wed #7"]
[Site "FIDE Online Arena INT"]
[Date "2024.03.13"]
[Round "1"]
[White "Vidruska, Renate"]
[Black "Motycakova, Monika"]
[Result "1/2-1/2"]
[WhiteElo "1978"]
[BlackElo "2056"]
[PlyCount "45"]
[EventDate "2024.03.13"]
[EventType "swiss (blitz)"]
[EventRounds "11"]
[EventCountry "NET"]
[SourceTitle "CBM 219 Extra"]
[Source "ChessBase"]
[SourceDate "2024.05.31"]
[SourceVersion "1"]
[SourceVersionDate "2024.05.31"]
[SourceQuality "1"]

1. e4 e5 2. Nf3 Nc6 3. Nc3 Nf6 4. d4 exd4 5. Nxd4 Bb4 6. Nxc6 bxc6 7. Bd3 d5 8. exd5 cxd5 9. 0-0 0-0 10. Bg5 c6 11. Qf3 Be7 12. h3 Be6 13. Rfe1 h6 14. Bf4 Re8 15. Rad1 Qb6 16. Be5 Rad8 17. Na4 Qb4 18. b3 c5 19. Bc3 Qa3 20. Bb2 Qb4 21. Bc3 Qa3 22. Bb2 Qb4 23. Bc3 1/2-1/2

[Event "Swiss Queens Wed #7"]
[Site "FIDE Online Arena INT"]
[Date "2024.03.13"]
[Round "11"]
[White "Vifleemskaia, Svetlana"]
[Black "Motycakova, Monika"]
[Result "1-0"]
[WhiteElo "1942"]
[BlackElo "2056"]
[PlyCount "95"]
[EventDate "2024.03.13"]
[EventType "swiss (blitz)"]
[EventRounds "11"]
[EventCountry "NET"]
[SourceTitle "CBM 219 Extra"]
[Source "ChessBase"]
[SourceDate "2024.05.31"]
[SourceVersion "1"]
[SourceVersionDate "2024.05.31"]
[SourceQuality "1"]

1. d4 d5 2. c4 c6 3. cxd5 cxd5 4. Bf4 Nc6 5. e3 Nf6 6. Nc3 a6 7. Bd3 Bg4 8. Nge2 Rc8 9. f3 Bh5 10. 0-0 e6 11. Rc1 Be7 12. Bb1 0-0 13. Qd2 Bg6 14. Bxg6 hxg6 15. Na4 Nh5 16. Bg3 Nxg3 17. hxg3 Rc7 18. f4 Qd6 19. a3 Bf6 20. Nc5 Rfc8 21. b4 g5 22. Kf2 Ne7 23. Rc3 gxf4 24. gxf4 g6 25. g4 Bg7 26. Kf3 a5 27. Rfc1 axb4 28. axb4 b6 29. Na6 Rxc3 30. Rxc3 Rxc3 31. Qxc3 Qc6 32. Qxc6 Nxc6 33. Nc3 Bf8 34. b5 Nb4 35. Na4 Nxa6 36. bxa6 b5 37. a7 bxa4 38. a8Q a3 39. e4 dxe4+ 40. Kxe4 Kg7 41. f5 gxf5+ 42. gxf5 Kf6 43. Qxf8 exf5+ 44. Kf4 a2 45. Qa3 Kg6 46. Qxa2 Kf6 47. Qa6+ Kg7 48. Kxf5 1-0

[Event "SVK-chT1E 2223"]
[Site "Slovakia"]
[Date "2024.02.04"]
[Round "9.6"]
[White "Motycakova, Monika"]
[Black "Sekova, Olivia"]
[Result "0-1"]
[WhiteElo "2071"]
[BlackElo "2074"]
[PlyCount "42"]
[EventDate "2023.10.21"]
[EventType "team-tourn"]
[EventRounds "11"]
[EventCountry "SVK"]
[SourceTitle "EXT 2025"]
[Source "ChessBase"]
[SourceDate "2024.10.14"]
[SourceVersion "1"]
[SourceVersionDate "2024.10.14"]
[SourceQuality "1"]
[WhiteTeam "Liptov Chess School II"]
[BlackTeam "Humenne Reinter II"]
[WhiteTeamCountry "SVK"]
[BlackTeamCountry "SVK"]

1. e4 c5 2. c3 d5 3. exd5 Qxd5 4. d4 Nf6 5. Nf3 Nc6 6. Be3 cxd4 7. cxd4 e6 8. Nc3 Qd6 9. a3 Be7 10. Bd3 0-0 11. 0-0 Rd8 12. h3 e5 13. Bc2 Nxd4 14. Bxd4 exd4 15. Nb5 Qb6 16. Qd3 Rd5 17. Nbxd4 Bc5 18. Rad1 Bf5 19. Qc3 Bxc2 20. Nxc2 Bxf2+ 21. Kh1 Ne4 0-1

[Event "SVK-chT1E 2223"]
[Site "Slovakia"]
[Date "2023.11.26"]
[Round "4.3"]
[White "Motycakova, Monika"]
[Black "Tauber, Marek"]
[Result "1/2-1/2"]
[WhiteElo "2070"]
[BlackElo "2058"]
[PlyCount "37"]
[EventDate "2023.10.21"]
[EventType "team-tourn"]
[EventRounds "11"]
[EventCountry "SVK"]
[SourceTitle "EXT 2025"]
[Source "ChessBase"]
[SourceDate "2024.10.14"]
[SourceVersion "1"]
[SourceVersionDate "2024.10.14"]
[SourceQuality "1"]
[WhiteTeam "Liptov Chess School II"]
[BlackTeam "Kosice Slavia UPJS"]
[WhiteTeamCountry "SVK"]
[BlackTeamCountry "SVK"]

1. e4 d6 2. d4 Nf6 3. Nc3 e5 4. Nf3 Nbd7 5. Bc4 Be7 6. 0-0 0-0 7. a4 c6 8. Re1 b6 9. dxe5 dxe5 10. b3 Qc7 11. Bb2 a6 12. Nh4 g6 13. Qf3 Nc5 14. h3 Be6 15. Bf1 a5 16. Qe3 Nh5 17. Nf3 f6 18. Ba3 Rfd8 19. g3 1/2-1/2

[Event "SVK-chT1E 2223"]
[Site "Slovakia"]
[Date "2023.11.25"]
[Round "3.3"]
[White "Zavadsky, Peter1"]
[Black "Motycakova, Monika"]
[Result "1/2-1/2"]
[WhiteElo "1957"]
[BlackElo "2070"]
[PlyCount "61"]
[EventDate "2023.10.21"]
[EventType "team-tourn"]
[EventRounds "11"]
[EventCountry "SVK"]
[SourceTitle "EXT 2025"]
[Source "ChessBase"]
[SourceDate "2024.10.14"]
[SourceVersion "1"]
[SourceVersionDate "2024.10.14"]
[SourceQuality "1"]
[WhiteTeam "Kosice Slavia TU"]
[BlackTeam "Liptov Chess School II"]
[WhiteTeamCountry "SVK"]
[BlackTeamCountry "SVK"]

1. c4 e5 2. Nc3 Nf6 3. Nf3 Nc6 4. d4 exd4 5. Nxd4 Bb4 6. g3 0-0 7. Bg2 Re8 8. 0-0 Ne5 9. Qb3 Bc5 10. Nf3 Rb8 11. Nxe5 Rxe5 12. Bf4 Re8 13. Rad1 d6 14. Na4 Qe7 15. Nxc5 dxc5 16. Rfe1 Be6 17. Qc3 h6 18. b3 b6 19. Qe5 Rbc8 20. Bb7 Ng4 21. Qc3 Rcd8 22. Bc6 Rxd1 23. Rxd1 Rd8 24. Rxd8+ Qxd8 25. Kg2 Bd7 26. Bf3 Qc8 27. h3 Nf6 28. Bxh6 Bxh3+ 29. Kg1 Qd7 30. e4 Bg4 31. Bg5 1/2-1/2

[Event "AUT-chT (Women) 2223"]
[Site "Austria"]
[Date "2023.03.05"]
[Round "7.3"]
[White "Landl, Margot"]
[Black "Motycakova, Monika"]
[Result "1/2-1/2"]
[WhiteElo "2017"]
[BlackElo "2090"]
[PlyCount "81"]
[EventDate "2022.10.21"]
[EventType "team-tourn"]
[EventRounds "9"]
[EventCountry "AUT"]
[SourceTitle "EXT 2024"]
[Source "ChessBase"]
[SourceDate "2023.10.10"]
[SourceVersion "1"]
[SourceVersionDate "2023.10.10"]
[SourceQuality "1"]
[WhiteTeam "Lienz (W)"]
[BlackTeam "Dornbirn (W)"]
[WhiteTeamCountry "AUT"]
[BlackTeamCountry "AUT"]

1. e4 e5 2. Nf3 Nc6 3. Bb5 a6 4. Ba4 Nf6 5. 0-0 Be7 6. Bxc6 dxc6 7. d3 Nd7 8. Nbd2 f6 9. Nc4 Nc5 10. Nfxe5 fxe5 11. Qh5+ g6 12. Qxe5 0-0 13. Be3 Ne6 14. Qg3 Bh4 15. Qg4 Bg5 16. Bxg5 Qxg5 17. Qxg5 Nxg5 18. f4 Ne6 19. g3 b5 20. Ne3 c5 21. f5 gxf5 22. Nxf5 Bb7 23. Rae1 Nd4 24. g4 Rad8 25. Rf2 Rde8 26. Ref1 Nxf5 27. Rxf5 Rxf5 28. Rxf5 c4 29. Rg5+ Kf8 30. Kf2 Bxe4 31. dxe4 Rxe4 32. h3 c6 33. Rf5+ Kg7 34. Rc5 Re6 35. Rg5+ Kf7 36. Rf5+ Kg7 37. Rf4 Re5 38. Rd4 Re6 39. h4 Kf6 40. Rf4+ Kg6 41. Rd4 1/2-1/2